000 01067cam a22003013a 4500
001 24856
003 PGUSA
005 20140828083532.0
008 080316s2008||||xxu|||||s|||||000 p eng d
040 _aPGUSA
_beng
042 _adc
050 4 _aPZ
100 1 _aHomer,
_d-750--650
245 1 0 _aOdysseus, the Hero of Ithaca :
_bAdapted from the Third Book of the Primary Schools of Athens, Greece
_h[electronic resource] /
_cHomer
260 _bProject Gutenberg,
_c2008
506 _aPublic domain in the USA.
516 _aElectronic text
653 _aHomer -- Translations into English
653 _aEpic poetry, Greek -- Translations into English
653 _aClassical poetry -- Translations into English
653 _aOdysseus (Greek mythology) -- Juvenile literature
653 _aClassical literature
700 1 _aBurt, Mary E.
_q(Mary Elizabeth),
_d1850-1918
700 1 _aRagozin, Zénaïde A.
_q(Zénaïde Alexeïevna),
_d1835-1924
830 0 _aProject Gutenberg
_v24856
856 4 0 _uhttp://www.gutenberg.org/ebooks/24856
942 _cEB
999 _c254111
_d254111